header

Monitoring international labor standards (Record no. 57002)

MARC details
000 -LEADER
fixed length control field 01519nam a2200313Ia 4500
245 00 - TITLE STATEMENT
Title Monitoring international labor standards
260 ## - PUBLICATION, DISTRIBUTION, ETC. (IMPRINT)
Place of publication Washington, D.C. :
Name of publisher National Academies Press,
Year of publication c2003.
300 ## - PHYSICAL DESCRIPTION
Number of Pages viii, 97 p.
650 #0 - SUBJECT ADDED ENTRY--TOPICAL TERM
Topical Term Labor market
Topical Term Labor policy
700 1# - ADDED ENTRY--PERSONAL NAME
Personal name Hilton, Margaret.
856 40 - ELECTRONIC LOCATION AND ACCESS
Uniform Resource Identifier http://site.ebrary.com/lib/rucke/Doc?id=10038680

No items available.

© 2026 Rongo University
Contact us: librarian | system librarian | Rongo university